[Event "Oceania zt (Women)"]
[Site "Nadi"]
[Date "2013.05.07"]
[Round "6"]
[White "Lane, Nancy"]
[Black "Narenthran, Savithri"]
[Result "0-1"]
[WhiteElo "1930"]
[BlackElo "1765"]
[PlyCount "136"]
[EventDate "2013.05.05"]
[EventType "swiss"]
[EventRounds "9"]
[EventCountry "FIJ"]
[SourceTitle "CBM 154 Extra"]
[Source "ChessBase"]
[SourceDate "2013.06.25"]
[SourceVersion "2"]
[SourceVersionDate "2013.06.25"]
[SourceQuality "1"]

1. d4 c5 2. c3 d5 3. Nf3 Nf6 4. e3 Nc6 5. Bd3 e6 6. 0-0 b6 7. Bb5 Bd7 8. Qe2 Bd6 9. Nbd2 0-0 10. e4 dxe4 11. Nxe4 Be7 12. Ng3 cxd4 13. cxd4 a6 14. Bxa6 Nb4 15. Bc4 b5 16. Bb3 Bc6 17. Be3 Bd5 18. Qxb5 Nxa2 19. Bxd5 Qxd5 20. Qxd5 Nxd5 21. Nd2 Rfb8 22. Rfb1 Ndb4 23. Bf4 Rd8 24. Rd1 Nc2 25. Rab1 Rxd4 26. Be5 Rd5 27. Nf3 Nab4 28. h4 Bf6 29. Bc3 Rad8 30. Rxd5 Nxd5 31. Bxf6 gxf6 32. Rc1 Ncb4 33. Rc4 Nd3 34. Rg4+ Kh8 35. b3 N3f4 36. Nf1 h5 37. Rg3 Ne2+ 38. Kh2 Nxg3 39. fxg3 Rb8 40. N1d2 Kg7 41. Nd4 e5 42. Nf5+ Kg6 43. Nd6 Ne3 44. Kg1 Rd8 45. N2c4 Nxc4 46. Nxc4 Rd3 47. Kf2 Rxb3 48. Nd6 f5 49. Nc4 Kf6 50. Nd6 Rb2+ 51. Kf1 f4 52. gxf4 exf4 53. Ne8+ Kg6 54. Nd6 f6 55. Ne4 Kf5 56. Nf2 Rxf2+ 57. Kxf2 Kg4 58. Ke2 Kg3 59. Kf1 Kxh4 60. Kf2 Kg4 61. Kg1 f3 62. Kf2 fxg2 63. Kxg2 f5 64. Kf2 f4 65. Kg1 Kg3 66. Kf1 f3 67. Kg1 f2+ 68. Kf1 h4 0-1

[Event "Australian Masters (Women)"]
[Site "Melbourne"]
[Date "2013.01.18"]
[Round "5"]
[White "Krstevska, Tanya"]
[Black "Narenthran, Savithri"]
[Result "0-1"]
[WhiteElo "1578"]
[BlackElo "1773"]
[PlyCount "78"]
[EventDate "2013.01.14"]
[EventType "tourn"]
[EventRounds "7"]
[EventCountry "AUS"]
[SourceTitle "EXT 2016"]
[Source "ChessBase"]
[SourceDate "2015.10.08"]
[SourceVersion "1"]
[SourceVersionDate "2015.10.08"]
[SourceQuality "1"]

1. d4 c5 2. d5 Nf6 3. c4 e5 4. Nc3 d6 5. e4 Nbd7 6. Bd3 Be7 7. Nge2 h5 8. h3 h4 9. Be3 a6 10. a3 Nf8 11. Bc2 Ng6 12. Ba4+ Bd7 13. f3 Rb8 14. Bxd7+ Qxd7 15. a4 b6 16. Qc2 Nh5 17. Rg1 Qd8 18. Qd2 0-0 19. g4 hxg3 20. Nxg3 Nxg3 21. Rxg3 Bh4 22. Qg2 Bxg3+ 23. Qxg3 Qh4 24. Qxh4 Nxh4 25. Ke2 f6 26. Rg1 Kf7 27. Bf2 Rh8 28. Rg4 Ng6 29. h4 Rh5 30. Nd1 Rbh8 31. Ne3 Nxh4 32. Rg1 Ng6 33. Nf5 Nf4+ 34. Ke3 g6 35. Ng3 Rh2 36. Nf1 Rh1 37. Rxh1 Rxh1 38. Nd2 Rh2 39. Bg3 Re2# 0-1

[Event "AUS-ch U18 Girls"]
[Site "Mooroolbark"]
[Date "2011.01.16"]
[Round "2"]
[White "Shan, Caroline"]
[Black "Narenthran, Savithri"]
[Result "0-1"]
[WhiteElo "1358"]
[BlackElo "1162"]
[PlyCount "102"]
[EventDate "2011.01.15"]
[EventType "tourn"]
[EventRounds "7"]
[EventCountry "AUS"]
[SourceTitle "EXT 2013"]
[Source "ChessBase"]
[SourceDate "2012.11.22"]
[SourceVersion "1"]
[SourceVersionDate "2012.11.22"]
[SourceQuality "1"]

1. e4 d5 2. exd5 Qxd5 3. Nc3 Qd6 4. Bc4 a6 5. d4 Nf6 6. Nge2 b5 7. Bb3 Bb7 8. Bf4 Qd8 9. 0-0 e6 10. Ng3 c5 11. dxc5 Qxd1 12. Raxd1 Bxc5 13. Bd6 Bxd6 14. Rxd6 Ke7 15. Rfd1 Nc6 16. Nce4 Rad8 17. Rxd8 Rxd8 18. Rxd8 Nxd8 19. Nc5 Kd6 20. Nxb7+ Nxb7 21. Kf1 Nc5 22. Ke2 a5 23. c3 Nxb3 24. axb3 Nd7 25. c4 Nc5 26. cxb5 Nxb3 27. Ne4+ Kd5 28. Ke3 Nd4 29. b6 Nf5+ 30. Kd3 Kc6 31. b7 Kxb7 32. Ng5 Nd6 33. Nxh7 Kc6 34. Ng5 Kc5 35. Nf3 Kb4 36. Nd2 f6 37. h4 e5 38. h5 f5 39. f3 f4 40. b3 Kb5 41. Kc3 Kc5 42. Kd3 Kb4 43. Kc2 Nf5 44. Nf1 Nd4+ 45. Kd3 Nxb3 46. Ke4 a4 47. Kf5 a3 48. Kg6 a2 49. Kxg7 a1Q 50. h6 Qxf1 51. h7 Qxg2+ 0-1

[Event "AUS-ch U12 Girls"]
[Site "Sandy Bay"]
[Date "2010.01.23"]
[Round "7"]
[White "Narenthran, Savithri"]
[Black "Lai, Zalia"]
[Result "1-0"]
[WhiteElo "882"]
[BlackElo "555"]
[PlyCount "57"]
[EventDate "2010.01.14"]
[EventType "tourn"]
[EventRounds "9"]
[EventCountry "AUS"]
[SourceTitle "EXT 2011"]
[Source "ChessBase"]
[SourceDate "2010.11.26"]
[SourceVersion "1"]
[SourceVersionDate "2010.11.26"]
[SourceQuality "1"]

1. e4 e5 2. Nf3 Nc6 3. Bb5 f5 4. d3 Bd6 5. exf5 Nf6 6. Bg5 0-0 7. Nc3 a6 8. Bc4+ Kh8 9. Ne4 Be7 10. Nxf6 Bxf6 11. Bxf6 Rxf6 12. g4 d5 13. Bb3 b5 14. d4 exd4 15. Nxd4 Nxd4 16. Qxd4 c6 17. 0-0-0 h6 18. f4 a5 19. a4 b4 20. h4 Kg8 21. h5 Qd6 22. Rdg1 Rf7 23. Bc4 Bb7 24. Bd3 c5 25. Qe5 Qb6 26. g5 d4 27. Rh3 Kf8 28. gxh6 Re8 29. hxg7+ 1-0

[Event "AUS-ch U12 Girls"]
[Site "Sandy Bay"]
[Date "2010.01.21"]
[Round "6"]
[White "Lim, Denise"]
[Black "Narenthran, Savithri"]
[Result "0-1"]
[WhiteElo "940"]
[BlackElo "882"]
[PlyCount "132"]
[EventDate "2010.01.14"]
[EventType "tourn"]
[EventRounds "9"]
[EventCountry "AUS"]
[SourceTitle "EXT 2011"]
[Source "ChessBase"]
[SourceDate "2010.11.26"]
[SourceVersion "1"]
[SourceVersionDate "2010.11.26"]
[SourceQuality "1"]

1. e4 d5 2. exd5 Qxd5 3. Nc3 Qa5 4. d4 Nf6 5. Nf3 c6 6. Bd3 Bg4 7. h3 Bh5 8. g4 Bg6 9. Bxg6 hxg6 10. Bd2 e6 11. a3 Nbd7 12. Qe2 Bb4 13. Rd1 Bxc3 14. Bxc3 Qc7 15. Ne5 Nxe5 16. dxe5 Nd5 17. Bd2 0-0-0 18. Bg5 Rde8 19. c4 Nb6 20. b3 Nd7 21. Bf4 g5 22. Bxg5 Qxe5 23. Qxe5 Nxe5 24. Bf4 Nxg4 25. Ke2 Nf6 26. Ke3 e5 27. Bg3 e4 28. Kd2 Rd8+ 29. Ke2 Rxd1 30. Kxd1 b6 31. Kc2 Rd8 32. Bf4 Nh5 33. Be3 g6 34. Bg5 f6 35. Be3 f5 36. Rg1 Rg8 37. Kc3 c5 38. b4 f4 39. Bd2 Kc7 40. bxc5 bxc5 41. Kc2 Kc6 42. Kb2 Kd6 43. Kc2 Ke5 44. Kc3 Nf6 45. Kc2 Kf5 46. Kc3 Rd8 47. Rh1 Rd3+ 48. Kc2 Rxa3 49. Kb2 Rf3 50. Rh2 e3 51. fxe3 fxe3 52. Be1 Ne4 53. Kc2 Rf2+ 54. Rxf2+ exf2 55. Bxf2 Nxf2 56. Kb3 Nxh3 57. Ka4 g5 58. Kb5 g4 59. Kxc5 g3 60. Kd5 g2 61. c5 g1Q 62. c6 Nf4+ 63. Kd6 Qd4+ 64. Kc7 Ne6+ 65. Kb7 Qb6+ 66. Ka8 Nc7# 0-1